Summaries; Известия Томского политехнического университета [Известия ТПУ]; Т. 309, № 1

Dades bibliogràfiques
Parent link:Известия Томского политехнического университета [Известия ТПУ]/ Томский политехнический университет (ТПУ).— , 2000-
Т. 309, № 1.— 2006.— [С. 261-266]
Sumari:Заглавие с титульного листа
Электронная версия печатной публикации
Приведены рефераты статей данного номера на английском языке.
Idioma:rus
Publicat: 2006
Matèries:
Accés en línia:http://www.lib.tpu.ru/fulltext/v/Bulletin_TPU/2006/v309/i1/58.pdf
Format: MixedMaterials Electrònic Capítol de llibre
KOHA link:https://koha.lib.tpu.ru/cgi-bin/koha/opac-detail.pl?biblionumber=171142

MARC

LEADER 00000nla2a2200000 4500
001 171142
005 20231031163928.0
035 |a (RuTPU)RU\TPU\book\185598 
035 |a RU\TPU\book\184651 
090 |a 171142 
100 |a 20091202d2006 k y0rusy50 ca 
101 0 |a rus 
102 |a RU 
135 |a drnn ---uucaa 
181 0 |a i  
182 0 |a b 
200 1 |a Summaries  |b Электронный ресурс  |d Рефераты статей 
203 |a Текст  |c электронный 
215 |a 1 файл (144 Кб) 
230 |a Электронные текстовые данные (1 файл : 144 Кб) 
300 |a Заглавие с титульного листа 
300 |a Электронная версия печатной публикации 
330 |a Приведены рефераты статей данного номера на английском языке. 
337 |a Adobe Reader 
461 1 |0 (RuTPU)RU\TPU\book\176237  |t Известия Томского политехнического университета [Известия ТПУ]  |f Томский политехнический университет (ТПУ)  |d 2000- 
463 1 |0 (RuTPU)RU\TPU\book\185489  |t Т. 309, № 1  |v [С. 261-266]  |d 2006  |p 267 с. 
610 1 |a электронный ресурс 
801 1 |a RU  |b 63413507  |c 20090623  |g PSBO 
801 2 |a RU  |b 63413507  |c 20211015  |g PSBO 
856 4 |u http://www.lib.tpu.ru/fulltext/v/Bulletin_TPU/2006/v309/i1/58.pdf 
942 |c CF